LEADER 01915nam0 22003973i 450 001 MIL0833736 005 20251003044238.0 010 $a9788820413835 100 $a20151203d2012 ||||0itac50 ba 101 | $aita$cita 102 $ait 181 1$6z01$ai $bxxxe 182 1$6z01$an 183 1$6z01$anc$2RDAcarrier 200 1 $aSocial media marketing$econsumatori, imprese, relazioni$fSergio Cherubini, Simonetta Pattuglia 210 $aMilano$cAngeli$d2012 215 $a151 p.$cill.$d23 cm 300 $aSul dorso: 244.1.54 500 10$aSocial media marketing $3CFI1020292$9CFIV029631$941026 606 $aInternet$xImpiego nel marketing$2FIR$3CFIC097611$9E 676 $a658.8$9Gestione della diatribuzione (marketing)$v20 676 $a658.8$9GESTIONE DELLA DISTRIBUZIONE.$v22 676 $a658.8002854678$9$v21 696 $aMarketing$aImpiego$aInternet 699 $aImpiego nel marketing$xMarketing$xImpiego 699 $aInternet$zInternet 700 1$aCherubini$b, Sergio$3CFIV029631$079353 701 1$aPattuglia$b, Simonetta$3UBOV217406$0437679 801 3$aIT$bIT-000000$c20151203 850 $aIT-BN0095 901 $bNAP 01$cPOZZO LIB.$nVi sono collocati fondi di economia, periodici di ingegneria e scienze, periodici di economia e statistica e altri fondi comprendenti documenti di economia pervenuti in dono. 912 $aMIL0833736 950 0$aBiblioteca Centralizzata di Ateneo$c1 v.$d 01POZZO LIB.ECON MON 2823$e 0101 0000028925E VMA (bis 1 v. (2 copia) precedente collocazione DP (AZ) 02 892$fB $h20130506$i20130506$c1 v.$d 01POZZO LIB.ECON MON 2823$e 0101 0010037905E VMA 1 v. (2. copia) precedente collocazione DP AZ 03 790$fB $h20150907$i20150907 977 $a 01 996 $aSocial media marketing$941026 997 $aUNISANNIO